000 00602nam a2200241Ia 4500
005 20250425161819.0
008 250425s9999 xx 000 0 und d
041 _aspa
043 _aec
082 _a307
100 _aBBEBINGTON, ANTONY
245 0 _aACTORES DE UNA DECADA GANADA:TRIBUS,COMUNIDADES Y CAMPESINOS EN LA MODERNIDAD
250 _a1A ED.
260 _aEcuador
_bCOMUNIDEC
_c1992
260 _aS.L.
_bABYA -YALA
300 _a235
650 _aCAMPESINOS
650 _aCOMUNIDADES DE ALDEA
650 _aSOCIOLOGIA
710 _aCOMUNIDEC
942 _c01
010 _a30709
999 _c216631
_d216631